| 000 | 00605nam a2200205 i 4500 | ||
|---|---|---|---|
| 001 | 43365 | ||
| 003 | ES-MaACL | ||
| 005 | 20250811070821.0 | ||
| 007 | t| | ||
| 008 | 030317s1972 sp ||||1| spa d | ||
| 020 | _a84-500-5534-2 | ||
| 080 | _a347.235.11:553(460) | ||
| 110 | 1 |
_aEspaña. _bMinisterio de Industria _93878 |
|
| 245 | 1 | 0 |
_aCatastro minero nacional. _n1, _pZona centro. |
| 260 |
_a[Madrid : _bMinisterio de Industria, _c1972] |
||
| 300 |
_a1 v. (144 p.) : _b2 mapas ; _c30 cm. |
||
| 650 | 4 |
_aMinas- _zEspaña. _9170420 |
|
| 852 | 4 |
_aES-MaACL _jP-1454 |
|
| 999 |
_c43365 _d43365 |
||